000 00524nam a2200181Ia 4500
003 GCL
008 140319s9999 xx 000 0 ara d
040 _aGCL /
_cGCL
082 0 4 _a953.03
_bم د
100 1 _aمحمود محمد زيادة
245 1 0 _aالدولة الاموية /
_cمحمود محمد زيادة
300 _a534
490 _a100 قصة
_v0
650 0 4 _aالتاريخ الاسلامى
650 0 4 _aالدولة الاموية
650 0 4 _aالحضارة الاسلامية
942 _2ddc
_cBK
999 _c44229
_d44229